| 000 | 00358nam a22001457a 4500 | ||
|---|---|---|---|
| 020 | _qPB. | ||
| 040 | _cFIZZA ISHAQ | ||
| 082 |
_a624.15136 _bBRA |
||
| 100 | _aDAS,M.BRAJA. | ||
| 245 |
_aPRINCIPLES OF SOIL DYNAMICS INTERNATIONAL / _cBRAJA M.DAS. |
||
| 250 | _a2ND EDITION. | ||
| 260 |
_aINDIA ; _bCENGAGE, _c2011. |
||
| 300 | _a561 P. ; | ||
| 942 |
_2ddc _cBK |
||
| 999 |
_c593500 _d593500 |
||